000 01674cam a2200409 a 4500
001 supercomputerssh00bill
003 CaSfIA
005 20210119100802.0
007 cr||||
008 941116s1995 nyua j b 001 0 eng
010 _a 94044111
040 _aDLC
_cDLC
_dOCL
_dBTCTA
_dYDXCP
_dCaSfIA
020 _a0816030960 (acid-free paper)
020 _a9780816030965 (acid-free paper)
035 _a(OCoLC)31708790
042 _alcac
050 0 0 _aQA76.88
_b.B55 1995
082 0 0 _a004.1/1
_220
100 1 _aBillings, Charlene W.
245 1 0 _aSupercomputers :
_h[electronic resource]
_bshaping the future /
_cCharlene W. Billings.
260 _aNew York :
_bFacts on File,
_cc1995.
300 _axii, 132 p. :
_bill. ;
_c24 cm.
440 0 _aFacts on File science sourcebooks
504 _aIncludes bibliographical references (p. 126-127) and index.
650 0 _aSupercomputers
_vJuvenile literature.
650 1 _aSupercomputers.
650 1 _aComputers.
856 4 1 _uhttp://www.archive.org/details/supercomputerssh00bill
_zFree eBook from the Internet Archive
856 4 2 _uhttp://www.openlibrary.org/books/OL1117918M
_zAdditional information and access via Open Library
029 1 _aNZ1
_b4763047
029 1 _aAU@
_b000011338815
029 1 _aUNITY
_b033608342
029 1 _aOXFCL
_b0816030960
942 _cEB
506 _fНеобхідна авторизація на https://archive.org/ (створення облікового запису безкоштовно)
506 _fНеобхідна авторизація на https://openlibrary.org/ (створення облікового запису безкоштовно)
999 _c554205
_d554205